| 000 | 00997nac a22002657a 4500 | ||
|---|---|---|---|
| 001 | BR6006068 | ||
| 003 | BR-BrBNA | ||
| 005 | 20240105113142.0 | ||
| 008 | 230509b bl.|||m| |||| 00| 0 por d | ||
| 040 |
_aBR-BrBNA _bpor _cBiblioteca Nacional de Agricultura |
||
| 072 | _aE10; E30; F00 | ||
| 090 | _aE10 BR6006068 | ||
| 110 | 1 |
_aDiretoria Estadual do Ministerio da Agricultura no Maranhao, Sao Luis (Brasil) _93445 |
|
| 245 | 1 |
_aRelatorio - Diretoria Estadual do M.A. no Maranhao [Ministerio da Agricultura; Brasil] _bReuniao preparatoria da regiao nordeste ao 3. Congresso Nacional de Agropecuaria |
|
| 260 | 3 |
_aSao Luis, MA (Brasil): _c1969. |
|
| 300 | _a141 p. | ||
| 490 |
_aRelatorio - Diretoria Estadual do Ministerio da Agricultura no Maranhao (Brazil) _v _x |
||
| 650 | _aCREDITO | ||
| 650 | _aMECANIZACAO AGRICOLA | ||
| 650 | _aCOLONIZACAO | ||
| 650 | _aADMINISTRACAO PUBLICA | ||
| 650 | _aMARANHAO | ||
| 909 |
_a202312 _bLúcia Elande _c55 _dLúcia Elande |
||
| 942 |
_2AGRIS _n0 _cMS |
||
| 999 |
_c262174 _d262174 |
||